000 00521nam a2200205Ia 4500
001 38737
005 20240114002022.0
007 ta
008 070730s g b000 u 465 u
040 _aCotton College,Assam
041 _a465
082 _a954.093
_bR 294 M
100 _aRennell, James .
245 0 _aMemoir of a Mogul Empire /
_cJames Rennell.
_hTextual Documents
653 _aInsdian History
653 _aHistory-India
942 _2ddc
_cBK
999 _c38709
_d38709